01509nam a2200277 a 4500001001200000003000800012006001900020007001500039008004100054020001800095020002700113040002100140035002100161050002500182100003200207245009900239260004500338300002400383504005100407505043300458533015200891650001601043655002901059710001701088856012601105ebr10611768CaPaEBRm u cr cn|||||||||121016s2012 ne a sb 001 0 eng d z9789062992331 z9789062998586 (e-book) aCaPaEBRcCaPaEBR a(OCoLC)82365504014aRE938.5b.S33 2012eb1 aSchachar, Ronald A.,d1941-14aThe mechanism of accommodation and presbyopiah[electronic resource] /cby Ronald A. Schachar. aAmsterdam :bKugler Publications,c2012. axii, 265 p. :bill. aIncludes bibliographical references and index.0 a1. History of Accomodation and the Steep Profile -- 2. Mechanism of Accomodation -- 3. Aspect Ratio of Vertebrate Lenses Predicts Accommodative Amplitude -- 4. Anatomy and Physiology -- 5. Experimental Evidence -- 6. Mathematical Modeling of Accommodation -- 7. Presbyopia and Age-related Ocular Hypertension -- 8. Importance of Controlled Studies -- 9. The Steep Profile: A Fundamental Structure in the Universe -- 10. Summary. aElectronic reproduction.bPalo Alto, Calif. :cebrary,d2011.nAvailable via World Wide Web.nAccess may be limited to ebrary affiliated libraries. 0aPresbyopia. 7aElectronic books.2local2 aebrary, Inc.40uhttp://site.ebrary.com/lib/rucke/Doc?id=10611768zAn electronic book accessible through the World Wide Web; click to view